[Event "BCF-chT4S 1819 (4NCL)"]
[Site "England"]
[Date "2018.11.17"]
[Round "1.82"]
[White "De Coverly, Roger D"]
[Black "Covey, Jason"]
[Result "1-0"]
[WhiteElo "1938"]
[BlackElo "2087"]
[PlyCount "113"]
[EventDate "2018.11.17"]
[EventType "team-swiss"]
[EventRounds "11"]
[EventCountry "ENG"]
[SourceTitle "EXT 2021"]
[Source "ChessBase"]
[SourceDate "2020.10.23"]
[SourceVersion "1"]
[SourceVersionDate "2020.10.23"]
[SourceQuality "1"]
[WhiteTeam "Wessex II"]
[BlackTeam "Barnet Knights II"]
[WhiteTeamCountry "ENG"]
[BlackTeamCountry "ENG"]

1. e4 e6 2. d4 d5 3. exd5 exd5 4. c4 Nf6 5. Nc3 Bb4 6. Nf3 0-0 7. Be2 dxc4 8. Bxc4 Bg4 9. 0-0 Nc6 10. Be3 Bxf3 11. Qxf3 h6 12. Rfd1 Qd7 13. Bxh6 Nxd4 14. Qg3 Nf5 15. Rxd7 Nxg3 16. Rxc7 Bxc3 17. bxc3 Rfc8 18. Bxf7+ Kh7 19. Rxc8 Rxc8 20. hxg3 Kxh6 21. c4 Rc7 22. Bd5 Nxd5 23. cxd5 Kg6 24. g4 Kg5 25. g3 Kxg4 26. Re1 Rd7 27. Kg2 Kf5 28. Kf3 Kf6 29. Re6+ Kf7 30. Ke4 a6 31. f4 a5 32. Rb6 Ke7 33. a4 Kd8 34. d6 Ke8 35. Ke5 Rf7 36. Rb5 g6 37. g4 Kd8 38. Rxa5 Kd7 39. Rc5 Kd8 40. f5 gxf5 41. gxf5 b6 42. Rb5 Ra7 43. Rb4 Kd7 44. Rd4 Ra5+ 45. Kf6 b5 46. axb5 Rxb5 47. Kg6 Rb1 48. Kf7 Rf1 49. f6 Rg1 50. Kf8 Rf1 51. f7 Rg1 52. Ra4 Rg2 53. Rh4 Kxd6 54. Rh7 Ke6 55. Rg7 Rf2 56. Kg8 Ke7 57. f8Q+ 1-0

[Event "BCF-chT4S 1718 (4NCL)"]
[Site "England"]
[Date "2018.02.11"]
[Round "6.112"]
[White "Covey, Jason"]
[Black "Bennet Stevens, Lucy"]
[Result "0-1"]
[WhiteElo "1769"]
[BlackElo "1669"]
[PlyCount "106"]
[EventDate "2017.11.11"]
[EventType "team-swiss"]
[EventRounds "11"]
[EventCountry "ENG"]
[SourceTitle "EXT 2020"]
[Source "ChessBase"]
[SourceDate "2019.10.17"]
[SourceVersion "1"]
[SourceVersionDate "2019.10.17"]
[SourceQuality "1"]
[WhiteTeam "Barnet Knights II"]
[BlackTeam "Sussex Martlets III"]
[WhiteTeamCountry "ENG"]
[BlackTeamCountry "ENG"]

1. e4 c5 2. Nc3 a6 3. f4 e6 4. Nf3 b5 5. d3 Bb7 6. Be2 Be7 7. 0-0 Nf6 8. b3 Qb6 9. Kh1 d6 10. Bb2 Nc6 11. Qe1 0-0 12. Qg3 Rac8 13. f5 Nd4 14. fxe6 fxe6 15. Bd1 d5 16. exd5 Nxd5 17. Ne2 Nf5 18. Qh3 Nde3 19. Rg1 Nh6 20. Qg3 Bf6 21. Bxf6 Rxf6 22. Nf4 Nhf5 23. Qe1 Qd6 24. Nh3 Ng4 25. Nf2 Nxf2+ 26. Qxf2 Nd4 27. Qe3 Rh6 28. Qe5 Qd5 29. Qxd5 Bxd5 30. c4 Nxf3 31. gxf3 Bb7 32. Be2 Rf6 33. Raf1 Rcf8 34. Rg3 Rf5 35. Kg2 b4 36. Kf2 Rf4 37. Rfg1 g6 38. Ke3 e5 39. Rg4 R4f5 40. R1g3 Kf7 41. f4 exf4+ 42. Rxf4 Re8+ 43. Re4 Bxe4 44. dxe4 Rfe5 45. Bf3 Kf6 46. Rg2 Rd8 47. Rf2 Rd4 48. Rf1 Re8 49. Rf2 Red8 50. Bg4+ Ke5 51. Bf3 Rd3+ 52. Ke2 Rd2+ 53. Ke1 Rxf2 0-1

[Event "BCF-chT4S 1718 (4NCL)"]
[Site "England"]
[Date "2018.02.10"]
[Round "5.102"]
[White "Tombolis, Christopher"]
[Black "Covey, Jason"]
[Result "1-0"]
[WhiteElo "1844"]
[BlackElo "1769"]
[PlyCount "101"]
[EventDate "2017.11.11"]
[EventType "team-swiss"]
[EventRounds "11"]
[EventCountry "ENG"]
[SourceTitle "EXT 2020"]
[Source "ChessBase"]
[SourceDate "2019.10.17"]
[SourceVersion "1"]
[SourceVersionDate "2019.10.17"]
[SourceQuality "1"]
[WhiteTeam "KJCA Kings II"]
[BlackTeam "Barnet Knights II"]
[WhiteTeamCountry "ENG"]
[BlackTeamCountry "ENG"]

1. d4 e6 2. c4 Nf6 3. Nc3 Bb4 4. e3 0-0 5. Nge2 d5 6. a3 Bd6 7. c5 Be7 8. Nf4 b6 9. b4 c6 10. Nd3 Nbd7 11. Bd2 Ba6 12. b5 cxb5 13. Nb4 Bc8 14. Nc6 Qe8 15. Nxb5 Nb8 16. Nxe7+ Qxe7 17. cxb6 Nc6 18. Rc1 Qd7 19. Nxa7 Nxa7 20. bxa7 Qxa7 21. Bb4 Re8 22. Bd3 e5 23. dxe5 Rxe5 24. 0-0 Bb7 25. Bc3 Re6 26. Bf5 Ra6 27. Rb1 Ne4 28. Bxe4 dxe4 29. Bd4 Qb8 30. Qb3 Rxa3 31. Qxb7 Qe8 32. Qb5 Qxb5 33. Rxb5 Ra2 34. Re5 Rc2 35. Rxe4 h6 36. Rg4 g6 37. h4 h5 38. Rg5 Raa2 39. Rc5 Rxc5 40. Bxc5 Ra4 41. Bd4 Kf8 42. Ra1 Rc4 43. Bf6 Ke8 44. Rd1 Rc8 45. Kh2 Ra8 46. Kg3 Rb8 47. Kf4 Ra8 48. Kg5 Ra5+ 49. Kh6 Ra8 50. Kg7 Rb8 51. Rd8+ 1-0

[Event "Crawley e2e4 Gatwick op U1850"]
[Site "Crawley"]
[Date "2016.05.30"]
[Round "6"]
[White "Covey, Jason"]
[Black "Kapoor, Gurveen"]
[Result "1-0"]
[WhiteElo "1620"]
[BlackElo "1257"]
[PlyCount "121"]
[EventDate "2016.05.27"]
[EventType "swiss"]
[EventRounds "7"]
[EventCountry "ENG"]
[SourceTitle "EXT 2019"]
[Source "ChessBase"]
[SourceDate "2018.10.10"]
[SourceVersion "1"]
[SourceVersionDate "2018.10.10"]
[SourceQuality "1"]

1. e4 c5 2. Nc3 Nc6 3. Bb5 Nd4 4. Bc4 e6 5. Nf3 g6 6. d3 Bg7 7. Bf4 Qa5 8. Bd2 Qc7 9. 0-0 Ne7 10. Nxd4 cxd4 11. Nb5 Qb8 12. Bb4 Be5 13. f4 Bxf4 14. Rxf4 Qxf4 15. Qf1 Qxf1+ 16. Rxf1 Kd8 17. Rxf7 Nc6 18. Bd6 Ke8 19. Rf1 a6 20. Nc7+ Kd8 21. Nxa8 b5 22. Bb3 Bb7 23. Nb6 Ke8 24. Bg3 Ke7 25. a4 g5 26. axb5 axb5 27. c3 d6 28. Bf2 dxc3 29. bxc3 b4 30. cxb4 Nxb4 31. e5 Nc6 32. exd6+ Kxd6 33. Re1 Re8 34. Nc4+ Kd7 35. Ne5+ Nxe5 36. Rxe5 h6 37. Ra5 Kc8 38. Rc5+ Kd8 39. Be1 Bc8 40. Ba4 Rg8 41. Bc3 Ke7 42. Rc7+ Kd6 43. Rg7 Rxg7 44. Bxg7 h5 45. Bf6 Ba6 46. Bc2 g4 47. Kf2 e5 48. Kg3 Bb5 49. Kh4 Be8 50. Kg5 Kd5 51. h3 gxh3 52. gxh3 Bd7 53. h4 Bg4 54. Bb3+ Kd4 55. Bf7 Be2 56. Bxh5 Bxd3 57. Be8 Kd5 58. h5 e4 59. Bf7+ Kd6 60. Bg6 Ke6 61. h6 1-0

[Event "Crawley e2e4 Gatwick op U1850"]
[Site "Crawley"]
[Date "2016.05.30"]
[Round "7"]
[White "Tivillier, Jacques"]
[Black "Covey, Jason"]
[Result "0-1"]
[WhiteElo "1699"]
[BlackElo "1620"]
[PlyCount "38"]
[EventDate "2016.05.27"]
[EventType "swiss"]
[EventRounds "7"]
[EventCountry "ENG"]
[SourceTitle "EXT 2019"]
[Source "ChessBase"]
[SourceDate "2018.10.10"]
[SourceVersion "1"]
[SourceVersionDate "2018.10.10"]
[SourceQuality "1"]

1. e4 e6 2. d4 d5 3. e5 c5 4. c3 Nc6 5. Nf3 Bd7 6. Bd3 cxd4 7. cxd4 Qb6 8. 0-0 Nxd4 9. Nbd2 Nxf3+ 10. Nxf3 Bc5 11. Ng5 Bb5 12. Qf3 Nh6 13. Nxh7 Bxd3 14. Qxd3 Ng4 15. Be3 Bxe3 16. fxe3 Qxe3+ 17. Qxe3 Nxe3 18. Rf3 Nc2 19. Rc1 Nd4 0-1

[Event "Hampstead op U1900 34th"]
[Site "Hampstead"]
[Date "2015.11.28"]
[Round "2"]
[White "Covey, Jason"]
[Black "Balouka Myers, Gabriel"]
[Result "1-0"]
[WhiteElo "1512"]
[BlackElo "1733"]
[PlyCount "77"]
[EventDate "2015.11.28"]
[EventType "swiss"]
[EventRounds "5"]
[EventCountry "ENG"]
[SourceTitle "EXT 2018"]
[Source "ChessBase"]
[SourceDate "2017.10.13"]
[SourceVersion "1"]
[SourceVersionDate "2017.10.13"]
[SourceQuality "1"]

1. e4 c6 2. Nc3 d5 3. Nf3 dxe4 4. Nxe4 Bg4 5. Bc4 e6 6. h3 Bh5 7. Ng3 Bg6 8. h4 h6 9. Ne5 Bh7 10. Qe2 Qc8 11. d3 Nf6 12. 0-0 Be7 13. Re1 Nd5 14. Qg4 Bf6 15. Bxd5 cxd5 16. Nh5 Bxe5 17. Rxe5 g6 18. Nf6+ Kd8 19. Bxh6 Nd7 20. Nxd7 Qxd7 21. c4 dxc4 22. dxc4 Ke7 23. Rd1 Qc6 24. Qf4 f6 25. Re3 e5 26. Rxe5+ fxe5 27. Bg5+ Ke8 28. Qxe5+ Kf8 29. Qxh8+ Bg8 30. Bh6+ Ke7 31. Qg7+ Ke6 32. Qxg6+ Ke7 33. Re1+ Kd7 34. Qd3+ Kc7 35. Bf4+ Kb6 36. Qb3+ Ka6 37. Qa3+ Kb6 38. c5+ Qxc5 39. Be3 1-0

[Event "BCF-chT3 1415 (4NCL)"]
[Site "England"]
[Date "2015.03.22"]
[Round "8.51"]
[White "Willmoth, Harrison"]
[Black "Covey, Jason"]
[Result "0-1"]
[WhiteElo "1552"]
[BlackElo "1538"]
[PlyCount "64"]
[EventDate "2015.03.21"]
[EventType "team-swiss"]
[EventRounds "11"]
[EventCountry "ENG"]
[SourceTitle "EXT 2016"]
[Source "ChessBase"]
[SourceDate "2015.10.08"]
[SourceVersion "1"]
[SourceVersionDate "2015.10.08"]
[SourceQuality "1"]
[WhiteTeam "Barnet Knights II"]
[BlackTeam "Check Us Out"]
[WhiteTeamCountry "ENG"]
[BlackTeamCountry "ENG"]

1. e4 e6 2. d3 d5 3. Nd2 Nf6 4. Ngf3 Nc6 5. g3 dxe4 6. dxe4 Bc5 7. Bg2 e5 8. 0-0 0-0 9. h3 a5 10. c3 b6 11. Re1 Ba6 12. Nh2 Qe7 13. Bf1 Bxf1 14. Nhxf1 Rad8 15. Qe2 Rd7 16. Nf3 h6 17. Nh4 Rfd8 18. Nf5 Qe6 19. Nh2 Ne7 20. g4 Ng6 21. Nf3 Rd3 22. Bd2 Rxf3 23. Qxf3 Rxd2 24. Rf1 Nf4 25. Rad1 Rxd1 26. Rxd1 Qxa2 27. Rd8+ Kh7 28. h4 Qxb2 29. Ne3 Qe2 30. Qxe2 Nxe2+ 31. Kf1 Nxc3 32. Rc8 Ncxe4 0-1

[Event "BCF-chT3S 1415 (4NCL)"]
[Site "England"]
[Date "2014.11.16"]
[Round "2.229"]
[White "Covey, Jason"]
[Black "Fallowfield, Nicholas"]
[Result "0-1"]
[WhiteElo "1538"]
[BlackElo "1940"]
[PlyCount "84"]
[EventDate "2014.11.15"]
[EventType "team-swiss"]
[EventRounds "6"]
[EventCountry "ENG"]
[SourceTitle "CBM 163 Extra"]
[Source "ChessBase"]
[SourceDate "2014.12.23"]
[SourceVersion "1"]
[SourceVersionDate "2014.12.23"]
[SourceQuality "1"]
[WhiteTeam "Check Us Out"]
[BlackTeam "Warwicks Select II"]
[WhiteTeamCountry "ENG"]
[BlackTeamCountry "ENG"]

1. e4 Nf6 2. e5 Nd5 3. c4 Nb6 4. d4 d6 5. exd6 exd6 6. Nc3 Nc6 7. Be3 Be7 8. Bd3 0-0 9. Nge2 Nb4 10. 0-0 Nxd3 11. Qxd3 d5 12. cxd5 Nxd5 13. Nxd5 Qxd5 14. Nc3 Qd8 15. Rac1 a6 16. Rfe1 Bd6 17. Nd5 Bxh2+ 18. Kxh2 Qxd5 19. Qc4 Qxc4 20. Rxc4 c6 21. Bf4 Be6 22. Ra4 Rfd8 23. Be5 Bd5 24. Re3 f6 25. Bc7 Re8 26. Rb4 b5 27. Rxe8+ Rxe8 28. a4 Re2 29. Bg3 Kf7 30. axb5 axb5 31. Kh3 g5 32. f3 h5 33. Bc7 Kg6 34. Bd6 f5 35. Bc7 f4 36. Be5 Kf5 37. g4+ hxg4+ 38. fxg4+ Ke6 39. b3 Re3+ 40. Kh2 Rg3 41. Bb8 Rxg4 42. Kh3 Rh4# 0-1

[Event "Sunningdale e2e4 U1800 op 04"]
[Site "Sunningdale"]
[Date "2014.04.20"]
[Round "6"]
[White "Gibson, John"]
[Black "Covey, Jason"]
[Result "1-0"]
[WhiteElo "1743"]
[BlackElo "1535"]
[PlyCount "81"]
[EventDate "2014.04.17"]
[EventType "swiss"]
[EventRounds "7"]
[EventCountry "ENG"]
[SourceTitle "EXT 2015"]
[Source "ChessBase"]
[SourceDate "2014.11.20"]
[SourceVersion "1"]
[SourceVersionDate "2014.11.20"]
[SourceQuality "1"]

1. b3 d5 2. Bb2 Nf6 3. e3 c5 4. f4 Nc6 5. Bb5 Qb6 6. Bxc6+ Qxc6 7. Nf3 Bf5 8. d3 Rd8 9. 0-0 g6 10. Ne5 Qb6 11. g4 Be6 12. Qe2 h5 13. g5 Ng4 14. Nxf7 Bxf7 15. Bxh8 c4 16. Bd4 Qa6 17. h3 cxd3 18. cxd3 Be6 19. hxg4 Bxg4 20. Qd2 Bf5 21. Rd1 Bg4 22. Re1 Bf5 23. e4 dxe4 24. dxe4 Bg7 25. Nc3 Bxd4+ 26. Kg2 Qc6 27. Rad1 Bg4 28. Rc1 Bxc3 29. Qxc3 Qd6 30. Qe3 Qd2+ 31. Qxd2 Rxd2+ 32. Kg1 Rxa2 33. Ra1 Rb2 34. Re3 a6 35. Rf1 Kf7 36. f5 gxf5 37. exf5 Be2 38. Re1 Bg4 39. Rxe7+ Kf8 40. Re8+ Kf7 41. R1e7# 1-0

[Event "Hampstead op U2200 11-A"]
[Site "Hampstead"]
[Date "2013.11.23"]
[Round "2"]
[White "Pride, Stephen C"]
[Black "Covey, Jason"]
[Result "1-0"]
[WhiteElo "1811"]
[BlackElo "1559"]
[PlyCount "65"]
[EventDate "2013.11.23"]
[EventType "swiss"]
[EventRounds "5"]
[EventCountry "ENG"]
[SourceTitle "EXT 2015"]
[Source "ChessBase"]
[SourceDate "2014.11.20"]
[SourceVersion "1"]
[SourceVersionDate "2014.11.20"]
[SourceQuality "1"]

1. d4 e6 2. Nf3 f5 3. Bf4 Nf6 4. e3 Be7 5. c4 b6 6. Nc3 Bb7 7. Nd2 0-0 8. f3 Nh5 9. Bg3 Nxg3 10. hxg3 d6 11. Bd3 e5 12. d5 Na6 13. a3 Nc5 14. Bc2 a5 15. Qb1 g6 16. 0-0 Qe8 17. b4 axb4 18. axb4 Rxa1 19. Qxa1 Na6 20. Ba4 Qc8 21. Qa3 Bg5 22. f4 Be7 23. Ra1 e4 24. Nb5 Qb8 25. Nd4 Bf6 26. N2b3 c5 27. dxc6 Ba8 28. Rd1 Nc7 29. b5 d5 30. cxd5 Nxd5 31. Nc1 Be7 32. Qa2 Kg7 33. Qxd5 1-0

[Event "Hampstead op U2200 09"]
[Site "Hampstead"]
[Date "2013.09.29"]
[Round "4"]
[White "Mitchell, Robert"]
[Black "Covey, Jason"]
[Result "0-1"]
[WhiteElo "1690"]
[BlackElo "1586"]
[PlyCount "56"]
[EventDate "2013.09.28"]
[EventType "swiss"]
[EventRounds "5"]
[EventCountry "ENG"]
[SourceTitle "EXT 2015"]
[Source "ChessBase"]
[SourceDate "2014.11.20"]
[SourceVersion "1"]
[SourceVersionDate "2014.11.20"]
[SourceQuality "1"]

1. d4 f5 2. h3 Nf6 3. g4 fxg4 4. hxg4 d5 5. g5 Ne4 6. Nf3 Bf5 7. Nh4 Qd7 8. Nxf5 Qxf5 9. Be3 Nxg5 10. Bxg5 Qxg5 11. Qd3 Qc1+ 12. Qd1 Qxb2 13. Nd2 Qxd4 14. e3 Qf6 15. Rb1 b6 16. Qh5+ g6 17. Qxd5 c6 18. Qd3 Nd7 19. Ne4 Qf7 20. Rd1 Ne5 21. Qa6 Qf3 22. Rh4 Qf5 23. Be2 Bg7 24. Rd6 0-0 25. Rf4 Qh3 26. Bf1 Qc8 27. Rxf8+ Kxf8 28. Rd1 Nf3+ 0-1

[Event "Hampstead op U2200 05"]
[Site "Hampstead"]
[Date "2013.05.18"]
[Round "3"]
[White "Covey, Jason"]
[Black "Sagues, Vincent"]
[Result "0-1"]
[WhiteElo "1370"]
[BlackElo "1940"]
[PlyCount "106"]
[EventDate "2013.05.18"]
[EventType "swiss"]
[EventRounds "5"]
[EventCountry "ENG"]
[SourceTitle "EXT 2014"]
[Source "ChessBase"]
[SourceDate "2013.11.20"]
[SourceVersion "1"]
[SourceVersionDate "2013.11.20"]
[SourceQuality "1"]

1. e4 e6 2. d4 d5 3. Nc3 Bb4 4. Nge2 Nf6 5. e5 Nfd7 6. a3 Be7 7. Ng3 c5 8. Be2 cxd4 9. Qxd4 Nc6 10. Qd1 Ndxe5 11. f4 Nd7 12. 0-0 Nf6 13. f5 0-0 14. Be3 d4 15. Bd2 dxc3 16. Bxc3 Qxd1 17. Raxd1 exf5 18. Nxf5 Bxf5 19. Rxf5 Rad8 20. Bd3 Nd4 21. Rf2 Bc5 22. b4 Bb6 23. Kh1 Nb5 24. Bxf6 Bxf2 25. Bxd8 Rxd8 26. Bxh7+ Kxh7 27. Rxd8 Nxa3 28. Rd7 Kg6 29. Rxb7 Nxc2 30. g4 Bb6 31. Kg2 Nxb4 32. Kf3 Nc6 33. Kf4 Kf6 34. h4 Ke6 35. g5 g6 36. Kg4 Ne5+ 37. Kf4 Kd5 38. Rb8 Bd4 39. Ra8 Nc6 40. Kg4 Ke4 41. h5 Ne5+ 42. Kh4 Bf2+ 43. Kh3 gxh5 44. Re8 Kf5 45. Re7 Bd4 46. Kh4 Ng6+ 47. Kxh5 Nxe7 48. Kh4 a5 49. Kh5 a4 50. Kh4 a3 51. Kh5 a2 52. Kh4 a1Q 53. Kh5 Qh1# 0-1

[Event "Hampstead op U2200 05"]
[Site "Hampstead"]
[Date "2013.05.18"]
[Round "1"]
[White "Covey, Jason"]
[Black "Sucikova, Svetlana"]
[Result "0-1"]
[WhiteElo "1370"]
[BlackElo "1901"]
[PlyCount "62"]
[EventDate "2013.05.18"]
[EventType "swiss"]
[EventRounds "5"]
[EventCountry "ENG"]
[SourceTitle "EXT 2014"]
[Source "ChessBase"]
[SourceDate "2013.11.20"]
[SourceVersion "1"]
[SourceVersionDate "2013.11.20"]
[SourceQuality "1"]

1. e4 c6 2. d4 d5 3. exd5 cxd5 4. c4 Nf6 5. Nc3 Nc6 6. Nf3 Bg4 7. Bf4 e6 8. h3 Bxf3 9. Qxf3 Nxd4 10. Qd1 Nc6 11. Be2 d4 12. Nb5 Bb4+ 13. Kf1 e5 14. Bd2 0-0 15. Bxb4 Nxb4 16. h4 a6 17. Qb3 axb5 18. Qxb4 d3 19. Bd1 Qd4 20. Qxb5 Ne4 21. Kg1 Nxf2 22. Kh2 Qxh4+ 23. Kg1 Nxh1 24. Qxe5 Rae8 25. g3 Qh3 26. Qc3 Qxg3+ 27. Kxh1 Re1+ 28. Qxe1 Qxe1+ 29. Kg2 Re8 30. Rc1 Qd2+ 31. Kf3 Qxc1 0-1